Piłkarze Atalanty - Statystyki

Ogólne statystyki
  • Ten quiz został rozwiązany 74 razy
    7 od ostatniego zresetowania
  • Średni wynik to 13 z 26
Statystyki odpowiedzi
Piłkarz Narodowość Pozycja % Poprawnych
Nicola Zalewski Polska Pomocnik
100%
Ademola Lookman Nigeria Napastnik
83%
Charles De Ketelaere Belgia Pomocnik
83%
Gianluca Scamacca Włochy Napastnik
83%
Isak Hien Szwecja Obrońca
67%
Marco Carnesecchi Włochy Bramkarz
67%
Mario Pasalic Chorwacja Pomocnik
67%
Marten de Roon Holandia Pomocnik
67%
Nikola Krstović Czarnogóra Napastnik
67%
Sead Kolasinac Bośnia i Hercegowina Obrońca
67%
Berat Djimsiti Albania Obrońca
50%
Éderson Brazylia Pomocnik
50%
Giorgio Scalvini Włochy Obrońca
50%
Kamaldeen Sulemana Ghana Napastnik
50%
Raoul Bellanova Włochy Pomocnik
50%
Daniel Maldini Włochy Pomocnik
33%
Davide Zappacosta Włochy Pomocnik
33%
Lazar Samardžić Serbia Pomocnik
33%
Marco Sportiello Włochy Bramkarz
33%
Yunus Musah USA Pomocnik
33%
Francesco Rossi Włochy Bramkarz
17%
Honest Ahanor Nigeria Obrońca
17%
Lorenzo Bernasconi Włochy Pomocnik
17%
Marco Bresciannini Włochy Pomocnik
17%
Odilon Kossounou WKS Obrońca
17%
Mitchel Bakker Holandia Pomocnik
0%
Nie znaleziono quizów pasujących do podanych kryteriów
Rozkład punktacji
Procent ludzi z każdym wynikiem
Percentyl według liczby udzielonych odpowiedzi
Twoja historia wyników
Nie rozwiązałeś tego quizu od ostatniego zresetowania